000 01621cam a22004574i 4500
003 PE-LiUPU
005 20250731173501.0
008 150616s1994 miu r 000 0 eng d
020 _a0060674539
035 _a(Sirsi) i9780060674533
040 _aPE-LiUPU
_bspa
_cPE-LiUPU
_erda
049 _aPRUA
082 0 4 _a291.02
_bS61
_221
100 1 _aSmith, Huston,
_eautor.
245 1 4 _aThe Illustrated World's Religions.
264 1 _aSan Francisco, USA :
_bHarper San Francisco,
_c1994.
300 _a255 páginas :
_bIlustraciones ;
_c28 centímetros
336 _atext
_2rdacontent
337 _aunmediated
_2rdamedia
338 _avolume
_2rdacarrier
505 0 _aIlustraciones a full color de las religiones: Hinduísmo, budismo, Confucianismo, taoísmo -- Islam -- Judaism -- Christianity -- The primal religions.
526 _aSEG42
526 _aSEG41
526 _aSEG40
526 _aSEG39
526 _aP94
526 _aP87
526 _aP86
526 _aP85
526 _aP77
526 _aP76
526 _aP35
650 0 4 _aCRISTIANISMO Y OTRAS RELIGIONES.
_91630
910 _ajck
_bjvq
_cjck
942 _2ddc
_cBOOK
949 _a291.02 S61
_wDEWEY
_c1
_i40317
_d2016-10-10
_e2016-10-7
_lCCODEBUL1
_mBUL
_n2
_r0
_sY
_tBOOK
_u2015-6-16
_xTEOLOGIA
_zUNKNOWN
_0COMPRA
_o.STAFF. Colección Teología
994 _aC0
_bPEPRU
596 _a1
999 _a291.02 S61
_wDEWEY
_c58120
_i40317
_d58120
_e2016-10-7
_f2021-11-11
_g5
_lCCODEBUL1
_mBUL
_n2
_p20.00
_r0
_sY
_tBOOK
_u2015-6-16
_xTEOLOGIA
_PP35
_0COMPRA
_o.STAFF. Colección Teología
980 _81
_gALBERTO SANCHEZ Responsable de Automatización